| 000 | 00396pab a2200157 454500 | ||
|---|---|---|---|
| 008 | 180718b1985 xxu||||| |||| 00| 0 eng d | ||
| 100 | _aFoegen, J.H. | ||
| 245 |
_aViewpoint _bThe new cottage industries create new issues in benefits |
||
| 260 | _c1985 | ||
| 300 | _a28-30 | ||
| 362 | _aFeb. | ||
| 650 | _aIndustry, Small Scale | ||
| 773 | _aPersonnel Journal | ||
| 908 | _aN | ||
| 909 | _a10717 | ||
| 999 |
_c10717 _d10717 |
||